• 首页
  • 本馆介绍
  • 公告通知
  • 最新文献
  • 馆藏检索
  • 电子资源
  • 读者导购
  • 参考咨询
  • 我的图书馆
  • 登录
  • 详细信息显示
  • 放入我的书架
  • 预约/预借图书
  • 作者相关作品
  • 分类相关作品
  • 丛书相关作品
  • 出版社相关作品

书目信息

  • 表格格式
  • 工作单格式
  • 卡片格式
题名:
欧洲地质
    
 
作者: D.V.Ager ;马丽芳 , 刘训 译
分册:  
出版信息: 北京   地质出版社  1989.09
页数: 293页
开本: 26cm
丛书名:
单 册:
中图分类: P565
科图分类:
主题词: 区域地质
电子资源:
ISBN: 7-116-00452-1
000 00597nam0 2200217 450
001 0638530500
005 20061122104505.78
010    @a7-116-00452-1@dCNY8.40
100    @a20061122d1989 km y0chiy0120 ea
101 0  @achi
102    @aCN@b110000
200 1  @a欧洲地质@Aou zhou di zhi@fD.V.Ager@g马丽芳,刘训等译@Gma li fang,liu xun deng yi
210    @a北京@c地质出版社@d1989.09
215    @a293页@d26cm
606 0  @a区域地质
690    @aP565@v3
701  0 @aD.V.Ager
702  0 @a马丽芳@Ama li fang@4译
702  0 @a刘训@Aliu xun@4译
801  0 @aCN@bPFT@c20061122
905    @a10447@dP565@e47
    
    欧洲地质/D.V.Ager/马丽芳,刘训等译.-北京:地质出版社,1989.09
    293页;26cm
    
    
    ISBN 7-116-00452-1:CNY8.40
    
●
相关链接 在E读中查询图书 在五车中查询图书 在当当中查询图书 在豆瓣中查询图书


正题名:欧洲地质     索取号:P565/47         预约/预借

序号 登录号 条形码 馆藏地/架位号 状态 备注
1 0242061   202108290   第二样本阅览室/ [索取号:P565/47] 在馆    
唐山师范学院图书馆 欢迎您!
大连网信软件有限公司© 版权所有